00558nam a22001817a 450000500170000001000150001702000260003203500140005803700130007208200080008510000190009324500700011226000360018227000400021830000250025850000500028350500430033320170531154801.0 aENG-118488 a9788185990866c300.00 aEN-102020 bDBAD/PUB a280 aGoel, Sita Ram aCatholic Ashrams :bsannyasins or swindlers ? /cby Sita Ram Goel aNew DelhibVoice Of Indiac2009 a2/18, Ansari Road, New Delhi-110002 axi, 296pc22cm.(pbk) aIncludes bibliographical references and index a(Enlarged Edition With New Appendices)